Loading...
Public sector management /
| Format: | Printed Book |
|---|---|
| Language: | English |
| Published: |
Jaipur:
Arihant,
1994.
|
| Edition: | 1st. |
| Subjects: |
| LEADER | 00578cam a2200205ua 4500 | ||
|---|---|---|---|
| 008 | 060815t1994||||||||||| 00 ||eng c | ||
| 020 | |a 81-7230-034-4 | ||
| 041 | 0 | |a eng | |
| 082 | |a 338.74 |b PUB | ||
| 245 | 0 | 0 | |a Public sector management / |
| 250 | |a 1st. | ||
| 260 | |a Jaipur: |b Arihant, |c 1994. | ||
| 300 | |a xii,271p.. | ||
| 362 | 1 | |a 1994. | |
| 365 | |a Rs.600/- |e HB | ||
| 650 | |a Public sector | ||
| 650 | 0 | |a Public enterprises | |
| 942 | |c BK | ||
| 999 | |c 300 |d 300 | ||
| 952 | |0 0 |1 0 |4 0 |6 338_740000000000000_PU |7 0 |9 318 |a KUCL |b KUCL |d 2014-05-23 |l 0 |o 338.74 PU |p 09837 |r 2014-05-23 |w 2014-05-23 |y BK | ||